AFS Program Locations Quiz Stats

Quiz not verified by Sporcle

Also try: Is It In Europe?
Challenge
Share
Tweet
Embed
Score 0/52 Timer 04:00
0 Plays Today
Country/Region % Correct
Germany
96.8%
Canada
93.5%
USA
93.5%
Italy
93.5%
Norway
93.5%
Brazil
90.3%
Japan
90.3%
China
90.3%
South Africa
90.3%
France
90.3%
Spain
90.3%
Panama
90.3%
Mexico
87.1%
Argentina
87.1%
Egypt
87.1%
India
87.1%
Finland
87.1%
Switzerland
87.1%
Russia
87.1%
Chile
83.9%
Sweden
83.9%
Denmark
83.9%
Austria
83.9%
Thailand
80.6%
Ecuador
80.6%
Paraguay
80.6%
Country/Region % Correct
Indonesia
77.4%
Malaysia
77.4%
Bolivia
77.4%
Peru
77.4%
Australia
77.4%
New Zealand
77.4%
Portugal
77.4%
Venezuela
74.2%
Costa Rica
74.2%
Netherlands
71%
U.K.
67.7%
Honduras
67.7%
Ghana
61.3%
Iceland
61.3%
Czech Republic
61.3%
Turkey
61.3%
Guatemala
54.8%
Philippines
54.8%
Latvia
51.6%
Dominican Republic
48.4%
Hungary
48.4%
Slovakia
45.2%
Hong Kong
35.5%
Tunisia
35.5%
Belgium Flanders
35.5%
Belgium French
29%

You're not logged in!

Compare scores with friends on all Sporcle quizzes.
Sign Up with Email
OR
Log In

You Might Also Like...

Show Comments

Extras

Top Quizzes Today


Score Distribution

Your Account Isn't Verified!

In order to create a playlist on Sporcle, you need to verify the email address you used during registration. Go to your Sporcle Settings to finish the process.